Alternative educational delivery systems : enhancing instructional options for all students /

Saved in:
Bibliographic Details
Other Authors: Curtis, Michael J., Zins, Joseph E., Graden, Janet
Format: Book
Language:English
Published: Washington, DC : National Association of School Psychologists, c1988.
Subjects:
LEADER 01443cam a2200361 a 4500
001 c000402824
003 CARM
005 20190325110340.0
008 190325s1988 dcua b 000 0 eng
010 |a 89157998 
019 1 |a 6785837  |5 LACONCORD2021 
020 |a 0932955096 
035 |a (OCoLC)18456859  |5 LACONCORD2021 
040 |a LC  |b eng  |c LC 
043 |a n-us--- 
050 0 0 |a LC3981  |b .A67 1988 
082 0 4 |a 371.9/0973  |2 20 
245 0 0 |a Alternative educational delivery systems :  |b enhancing instructional options for all students /  |c edited by Janet L. Graden, Joseph E. Zins, Michael J. Curtis. 
260 |a Washington, DC :  |b National Association of School Psychologists,  |c c1988. 
300 |a xx, 571 p. :  |b ill. ;  |c 26 cm. 
504 |a Includes bibliographical references. 
650 0 |a Special education  |z United States. 
650 0 |a Non-formal education  |z United States. 
650 0 |a Curriculum change  |z United States. 
700 1 |a Curtis, Michael J. 
700 1 |a Zins, Joseph E. 
700 1 |a Graden, Janet. 
852 8 |b CARM  |i C13766  |p 0653148  |f BK 
852 8 |b SCAN  |h A3:AG09G0  |i C13766  |p 0653148  |f BK 
852 8 |b SCAN  |h A3:AG09G0  |i C13766  |p 0653148  |f BK 
999 f f |i 2572bd2a-554d-5f70-9631-d3288433e027  |s 3af35767-e5d7-5cf4-ab90-2d6da47dc089 
952 f f |p Can circulate  |a CAVAL  |b CAVAL  |c CAVAL  |d CARM 1 Store  |e C13766  |h Other scheme  |i book  |m 0653148 
952 f f |a CAVAL  |b CAVAL  |c CAVAL  |d Unmapped Location  |e C13766  |f A3:AG09G0  |h Other scheme